|
|
|
|
| LEADER |
00000cam a2200000 7i4500 |
| 001 |
0000000311 |
| 005 |
20011123.0 |
| 020 |
0 |
0 |
|a 9679950611
|
| 090 |
0 |
0 |
|a 363.709595113
|b PEN 1991
|
| 245 |
0 |
0 |
|a PENANG Hill :
|b the need to save our natural heritage : critique of the proposed development and an alternative plan
|c prepared by Martin Khor Kok Peng ... [et al.]
|
| 260 |
0 |
0 |
|a Penang :
|b Friends of Penang Hill ,
|c 1991
|
| 300 |
|
|
|a 150 p. :
|b ill. (some col.), maps ;
|c 25cm.
|
| 500 |
0 |
0 |
|a Bibliography: [p. 151]
|
| 650 |
0 |
0 |
|a Economic development projects
|x Environmental aspects
|z Pulau Pinang
|
| 650 |
0 |
0 |
|a Environmental protection
|z Pulau Pinang
|
| 650 |
0 |
0 |
|a Natural areas
|z Pulau Pinang
|
| 650 |
0 |
0 |
|a Nature conservation
|z Pulau Pinang
|
| 700 |
0 |
1 |
|a Khor
|h Kok Peng, Martin
|
| 998 |
|
|
|a JPSM
|
| 999 |
|
|
|a 0000001472
|b Monograph
|c Open Shelf
|e Default branch
|